[Event "Hengelo U14 op"]
[Site "Hengelo"]
[Date "2005.08.10"]
[Round "5"]
[White "Westermann, Natalia"]
[Black "Kampman, Jasper"]
[Result "1/2-1/2"]
[WhiteElo "1533"]
[BlackElo "1163"]
[PlyCount "38"]
[EventDate "2005.08.??"]
[EventType "swiss"]
[EventRounds "9"]
[EventCountry "NED"]
[SourceTitle "CBM 107 Extra"]
[Source "ChessBase"]
[SourceDate "2005.09.01"]
[SourceVersion "1"]
[SourceVersionDate "2005.09.01"]
[SourceQuality "1"]

1. e4 e5 2. Nf3 Nc6 3. d4 exd4 4. Nxd4 Nxd4 5. Qxd4 d6 6. Bc4 Nf6 7. 0-0 Be6 8. Bxe6 fxe6 9. Nc3 Be7 10. e5 dxe5 11. Qxe5 Qd6 12. Qe2 Nd5 13. Nxd5 exd5 14. Re1 0-0 15. Qe6+ Qxe6 16. Rxe6 Bc5 17. Re2 Rae8 18. Rxe8 Rxe8 19. Kf1 Kf7 1/2-1/2